[Event "Tourn. n9667"]
[Site "www.chess-mail.com"]
[Date "2018.05.15"]
[Round "1"]
[White "Apdash"]
[Black "Sahlapalat"]
[WhiteElo "2250"]
[BlackElo "2050"]
[Result "0-1"]
[Round "1"]
1.e4 c5
2.Ng1f3 d6
3.d4 cxd4
4.Nf3xd4 Ng8f6
5.Nb1c3 Nb8c6
6.Nd4xc6 bxc6
7.Bf1e2 g6
8.Bc1e3 Bf8g7
9.O-O O-O
10.f3 Qd8a5
11.Kh1 Ra8b8
12.Qd1c1 Bc8e6
13.Be3d2 Qa5c7
14.Ra1b1 Nf6d7
15.f4 Nd7b6
16.b3 f5
17.Be2d3 Be6d7
18.Rf1f3 e6
19.exf5 exf5
20.Nc3e2 Rf8e8
21.c4 c5
22.Bd2c3 Bd7c6
23.Rf3g3 Bc6e4
24.Bc3xg7 Qc7xg7
25.Ne2c3 Rb8d8
26.Bd3xe4 fxe4
27.f5 Re8e5
28.fxg6 hxg6
29.Nc3e2 Re5f5
30.Ne2f4 Rf5f6
31.Nf4h5 Qg7f7
32.Nh5xf6 Qf7xf6
33.Qc1g5 Qf6xg5
34.Rg3xg5 Kg7
35.Rb1e1 Rd8e8
36.h4 Kf6
37.g3 Nb6d7
38.Rg5d5 Re8e6
39.Re1d1 Ke7
40.Kg2 Nd7e5
41.Rd1h1 Ne5g4
42.Rd5g5 Ng4e3
43.Kf2 Ne3f5
44.h5 e3
45.Ke1 Nf5d4
46.Rg5xg6 Nd4f3
47.Ke2 Nf3d4
48.Kd3 Re6e5
49.h6 e2
50.Rh1e1 Re5h5
51.Re1xe2 Nd4xe2
52.Kxe2 Rh5h2
53.Kd3 Rh2xa2
54.h7 Ra2h2
55.g4 Rh2xh7
56.Rg6g8 Kf7
57.Rg8a8 Kf6
58.Ke4 Rh7h3
59.Ra8xa7 Rh3xb3
 { time }
0-1

[Event "Tourn. n9775"]
[Site "www.chess-mail.com"]
[Date "2018.05.15"]
[Round "1"]
[White "Prize64"]
[Black "Fantomas"]
[WhiteElo "2140"]
[BlackElo "2260"]
[Result "1-0"]
[Round "1"]
1.d4 d5
2.Ng1f3 Ng8f6
3.c4 Bc8f5
4.Nb1c3 h6
5.cxd5 Nf6xd5
6.Qd1b3 Nd5b6
7.e4 Bf5g6
8.Bc1e3 Qd8c8
9.Bf1d3 e6
10.O-O Nb8d7
11.Ra1c1 a6
12.d5 exd5
13.Nc3xd5 Nb6xd5
14.exd5 Bg6xd3
15.Qb3xd3 Bf8d6
16.Rf1e1 O-O
17.h3 Nd7f6
18.Rc1d1 Rf8e8
19.Qd3d4 Re8e4
20.Qd4d3 Qc8d7
21.Nf3d2 Re4e7
22.Nd2c4 Bd6b4
23.Be3d2 Re7xe1
24.Rd1xe1 Bb4xd2
25.Qd3xd2 Qd7xd5
26.Qd2f4 b5
27.Nc4e3 Qd5d8
28.Ne3f5 Kh7
29.Qf4g3 Nf6h5
30.Qg3g4 g6
31.Re1e7 Qd8d5
32.Nf5e3 Qd5xa2
33.Re7xc7 Nh5f6
34.Qg4f3 Qa2b1
35.Kh2 Qb1xb2
36.Rc7xf7 { resign }
1-0

[Event "Tourn. n9753"]
[Site "www.chess-mail.com"]
[Date "2018.05.15"]
[Round "1"]
[White "Iko"]
[Black "Gegonz"]
[WhiteElo "1680"]
[BlackElo "1890"]
[Result "0-1"]
[Round "1"]
1.e4 c5
2.d4 cxd4
3.Qd1xd4 Nb8c6
4.Qd4c3 d6
5.Bc1e3 Ng8f6
6.Nb1d2 g6
7.Bf1b5 Bc8d7
8.Bb5xc6 Bd7xc6
9.f3 Bf8g7
10.O-O-O O-O
11.Nd2c4 Nf6xe4
12.Qc3e1 b5
13.Nc4a5 Ra8c8
14.fxe4 Bc6xe4
15.Rd1d2 Qd8xa5
16.b3 Rc8xc2
17.Kd1 Qa5c3
18.Ng1f3 Rc2c1
19.Ke2 Rc1xe1
20.Rh1xe1 f5
21.Be3xa7 f4
22.Re1d1 Be4c2
23.Rd1c1 Bc2d3
24.Kd1 Qc3a5
25.Ba7f2 Bd3e4
26.Rd2e2 d5
27.Bf2c5 Rf8c8
28.Bc5xe7 Rc8xc1
29.Kxc1 Qa5c3
30.Kd1 Qc3a1
31.Kd2 Bg7c3

0-1

[Event "Tourn. n9655"]
[Site "www.chess-mail.com"]
[Date "2018.05.15"]
[Round "1"]
[White "Sahlapalat"]
[Black "Apdash"]
[WhiteElo "2000"]
[BlackElo "2220"]
[Result "1-0"]
[Round "1"]
1.d4 d5
2.c4 e6
3.Nb1c3 Ng8f6
4.cxd5 Nf6xd5
5.Ng1f3 Nb8c6
6.e4 Nd5b6
7.Bc1e3 Bf8b4
8.Bf1e2 O-O
9.O-O Bb4e7
10.Qd1d2 Nb6d7
11.Rf1e1 Nd7f6
12.a3 b6
13.h3 Nc6a5
14.Qd2c2 Bc8d7
15.b4 Na5b7
16.Ra1d1 Ra8c8
17.Be2a6 Rc8b8
18.Ba6xb7 Rb8xb7
19.Nf3e5 Be7d6
20.Be3g5 Bd6e7
21.f4 Nf6e8
22.Bg5xe7 Qd8xe7
23.d5 Ne8d6
24.Ne5xd7 Qe7xd7
25.e5 Nd6f5
26.Qc2e4 Rb7b8
27.g4 Nf5h4
28.d6 cxd6
29.Rd1xd6 Qd7c7
30.Nc3b5 Qc7b7
31.Qe4xb7 Rb8xb7
32.Kf2 a6
33.Nb5d4 h6
34.Re1c1 Nh4g6
35.Ke3 Ng6e7
36.f5 exf5
37.gxf5 Ne7c8
38.Rd6c6 Nc8e7
39.Rc6d6 Rf8a8
40.h4 Kf8
41.Ke4 Ke8
42.f6 gxf6
43.Rd6xf6 h5
44.Rf6h6 Ne7g6
45.Rh6xh5 Ra8d8
46.Nd4f5 Kf8
47.Nf5d6 Rb7e7
48.Rc1c6 Rd8b8
49.a4 Kg8
50.Rh5g5 Kh7
51.h5 Kh6
52.Nd6xf7 Re7xf7
53.Rc6xg6 Kh7
54.e6 Rb8e8
55.Kd5 Rf7f4
56.Kc6 Rf4xb4
57.Kd7 Re8a8
58.e7 Rb4d4
59.Rg6d6 Ra8a7
60.Kc6 Rd4e4
61.Kxb6 Re4xe7
62.Rg5g6 Re7b7
63.Ka5  { time }
1-0

[Event "Tourn. n9750"]
[Site "www.chess-mail.com"]
[Date "2018.05.15"]
[Round "1"]
[White "Apdash"]
[Black "Prize64"]
[WhiteElo "2220"]
[BlackElo "2150"]
[Result "0-1"]
[Round "1"]
1.e4 c5
2.Ng1f3 Nb8c6
3.d4 cxd4
4.Nf3xd4 e5
5.Nd4xc6 bxc6
6.Bf1c4 Ng8f6
7.Bc1g5 Qd8a5
8.Bg5d2 Qa5b6
9.Bc4b3 Nf6xe4
10.Qd1f3 d5
11.Bd2e3 Qb6c7
12.O-O Bf8e7
13.Nb1d2 Ne4xd2
14.Be3xd2 O-O
15.c4 e4
16.Qf3h5 g6
17.Qh5h6 Bc8e6
18.cxd5 cxd5
19.f3 Be7c5
20.Kh1 Rf8e8
21.Bd2f4 Qc7e7
22.fxe4 dxe4
23.Bf4e5 Qe7f8
24.Qh6f4 Be6xb3
25.axb3 f5
26.Ra1a6 Bc5e3
 { time }
0-1

[Event "Tourn. n9742"]
[Site "www.chess-mail.com"]
[Date "2018.05.15"]
[Round "1"]
[White "Prize64"]
[Black "Apdash"]
[WhiteElo "2170"]
[BlackElo "2170"]
[Result "1-0"]
[Round "1"]
1.e4 c5
2.Ng1f3 Nb8c6
3.d4 cxd4
4.Nf3xd4 d6
5.c4 Ng8f6
6.Nb1c3 a6
7.Bc1e3 e5
8.Nd4c2 Bc8e6
9.Bf1e2 Qd8c7
10.O-O Bf8e7
11.Nc3d5 Be6xd5
12.exd5 Nc6d8
13.b3 O-O
14.f4 Nf6e4
15.fxe5 Ne4c3
16.Qd1d3 Nc3xe2
17.Qd3xe2 dxe5
18.Ra1d1 f5
19.Qe2d3 e4
20.Qd3d2 Be7d6
21.Be3f4 Nd8f7
22.Bf4xd6 Nf7xd6
23.Nc2d4 Qc7c5
24.Kh1 Rf8f6
25.Nd4e6 Qc5a3
26.c5 Nd6b5
27.Qd2g5 Rf6g6
28.Qg5xf5 Rg6f6
29.Qf5xe4  { time }
1-0

[Event "Tourn. n9725"]
[Site "www.chess-mail.com"]
[Date "2018.05.15"]
[Round "1"]
[White "Apdash"]
[Black "Prize64"]
[WhiteElo "2180"]
[BlackElo "2130"]
[Result "0-1"]
[Round "1"]
1.e4 c5
2.Ng1f3 Nb8c6
3.Bf1c4 e6
4.O-O Qd8c7
5.Qd1e2 a6
6.a4 Ng8f6
7.c3 Bf8e7
8.d4 Nc6a5
9.Bc4a2 c4
10.Nb1d2 d5
11.exd5 exd5
12.Rf1e1 Bc8e6
13.Nf3g5 Be6f5
14.Nd2f3 Na5c6
15.b3 Bf5d3
16.Qe2d2 O-O
17.bxc4 dxc4
18.Re1e3 h6
19.Ng5h3 Nf6g4
20.Re3e1 Be7d6
21.g3 Ra8e8
22.Ba2b1 Bd3xb1
23.Ra1xb1 Nc6a5
24.Re1xe8 Rf8xe8
25.Kg2 Na5b3
26.Qd2c2 Qc7c6
27.Bc1f4 Bd6xf4
28.Nh3xf4 Qc6xa4
29.h3 Ng4f6
30.Nf3e5 b5
31.Rb1b2 Qa4a5
32.Rb2a2 Qa5b6
33.Qc2f5 Qb6b7
34.f3 a5
 { time }
0-1

[Event "Tourn. n9729"]
[Site "www.chess-mail.com"]
[Date "2018.05.15"]
[Round "1"]
[White "Cal"]
[Black "Gegonz"]
[WhiteElo "1490"]
[BlackElo "1610"]
[Result "0-1"]
[Round "1"]
1.d4 d5
2.h3 Ng8f6
3.Bc1g5 e6
4.a3 c5
5.dxc5 Bf8xc5
6.Ng1f3 Nb8c6
7.Nb1c3 O-O
8.e3 Bc5e7
9.Bf1d3 Bc8d7
10.Bg5xf6 Be7xf6
11.O-O Bf6xc3
12.bxc3 e5
13.Nf3h2 e4
14.Bd3b5 Qd8g5
15.Bb5xc6 bxc6
16.c4 Bd7xh3
17.g3 Bh3xf1
18.Qd1xf1 Ra8b8
19.Kg2 Rb8b2
20.Qf1c1 Rf8b8
21.f3 dxc4
22.f4 Qg5c5
23.Nh2f1 c3
24.g4 Qc5c4
25.Kg3 Qc4e2
26.Qc1d1 Rb2xc2
27.Qd1xe2 Rc2xe2
28.Ra1c1 c2
29.f5 Rb8b1
30.Rc1xc2 Re2xc2
31.Nf1h2 Rb1b3
32.Nh2f1 Rb3xa3
33.g5 a5
34.Kf4 Rc2f2
35.Kxe4 Rf2xf1
36.f6 a4
37.fxg7 f5
38.Ke5 Ra3xe3
39.Kf6 f4
40.g6 hxg6
41.Kg5 Kxg7
{ resign }
0-1

[Event "Tourn. n9805"]
[Site "www.echecsemail.com"]
[Date "2018.05.15"]
[Round "1"]
[White "Orhany24"]
[Black "Reignblowcan"]
[WhiteElo "2130"]
[BlackElo "2069"]
[Result "0-1"]
[Round "1"]
1.e4 e5
2.Ng1f3 Nb8c6
3.Bf1c4 d6
4.d4 exd4
5.Nf3xd4 g6
6.O-O Bf8g7
7.Bc1e3 Ng8f6
8.f3 O-O
9.a3 d5
10.exd5 Nc6a5
11.Bc4a2 Nf6xd5
12.Be3f2 Nd5f4
13.c3 c5
14.Nd4b3 Qd8g5
15.Bf2g3 Na5xb3
16.Ba2xb3 Bc8f5
17.Qd1d6 Nf4e2
18.Kh1 Rf8d8
19.Qd6c7 Rd8d7
20.Qc7xc5 Ne2xg3
21.hxg3 Bg7f8
22.Qc5e5 Bf8d6
{ resign }
0-1

[Event "Tourn. n9812"]
[Site "www.echecsemail.com"]
[Date "2018.05.15"]
[Round "1"]
[White "Fantomas"]
[Black "Bigrezi"]
[WhiteElo "2190"]
[BlackElo "2210"]
[Result "0-1"]
[Round "1"]
1.e4 e5
2.Ng1f3 Nb8c6
3.d4 exd4
4.Nf3xd4 Ng8f6
5.Nd4xc6 bxc6
6.Bf1d3 d5
7.e5 Nf6d7
8.Bc1f4 Ra8b8
9.b3 Bf8e7
10.O-O Nd7c5
11.Bd3e2 O-O
12.c3 f6
13.f3 Nc5e6
14.Bf4g3 fxe5
15.Bg3xe5 Be7c5
16.Kh1 Qd8g5
17.Be5g3 Ne6f4
18.Qd1d2 Bc5d6
19.Be2d1 Rf8f6
20.Bd1c2 Rf6h6
21.b4 Qg5xg3
{ resign }
0-1

[Event "Tourn. n9802"]
[Site "www.echecsemail.com"]
[Date "2018.05.15"]
[Round "1"]
[White "Reda"]
[Black "Prize64"]
[WhiteElo "1810"]
[BlackElo "2050"]
[Result "0-1"]
[Round "1"]
1.d4 Ng8f6
2.Bc1f4 d6
3.Nb1c3 c6
4.Ng1f3 g6
5.e4 Bc8g4
6.h3 Bg4xf3
7.Qd1xf3 Bf8g7
8.O-O-O Qd8a5
9.Rd1e1 Nf6d7
10.Bf4d2 Bg7xd4
11.Bf1c4 Nd7e5
12.Nc3d5 Qa5xd2
13.Kb1 Ne5xf3
14.gxf3 cxd5
15.Re1d1 Qd2b4
16.c3 Bd4xc3
{ resign }
0-1

[Event "Match"]
[Site "www.echecsemail.com"]
[Date "2018.05.15"]
[Round "1"]
[White "Apdash"]
[Black "Guidom"]
[WhiteElo "2270"]
[BlackElo "2090"]
[Result "0-1"]
[Round "1"]
1.e4 e5
2.Ng1f3 Nb8c6
3.Bf1c4 d6
4.d4 exd4
5.Nf3xd4 Nc6xd4
6.Qd1xd4 Qd8f6
7.Qd4xf6 Ng8xf6
8.f3 Bc8e6
9.Bc4xe6 fxe6
10.Bc1e3 Bf8e7
11.Nb1c3 a6
12.O-O O-O-O
13.Nc3e2 e5
14.c4 h6
15.Ra1c1 b6
16.b4 Kb7
17.a4 c5
18.a5 bxa5
19.bxc5 dxc5
20.Ne2c3 Rd8d3
 { time }
0-1

[Event "Match"]
[Site "www.echecsemail.com"]
[Date "2018.05.15"]
[Round "1"]
[White "Apdash"]
[Black "Paco"]
[WhiteElo "2170"]
[BlackElo "2050"]
[Result "0-1"]
[Round "1"]
1.e4 e5
2.Ng1f3 Nb8c6
3.Bf1c4 f6
4.Nf3h4 Bf8c5
5.Qd1h5 g6
6.Nh4xg6 d5
7.Ng6xh8 Kd7
8.Qh5xh7 Ng8e7
9.exd5 Nc6a5
10.Bc4b5 c6
11.dxc6 bxc6
12.Bb5e2 Kc7
13.Nh8g6 Bc8f5
14.Be2h5 Kb6
15.Qh7f7 Bf5xc2
16.Ng6xe7 Bc5xe7
17.Bh5e2 Kc7
18.b4 Na5b7
19.O-O Nb7d6
20.Qf7g7 Nd6f5
21.Qg7f7 Nf5d4
22.Be2c4 Bc2a4
23.Nb1c3 Kc8
24.Nc3xa4 Nd4c2
25.Ra1b1 Ra8b8
26.a3 Rb8b7
27.Bc4a6 Kc7
28.Ba6xb7 Kxb7
 { time }
0-1

[Event "Match"]
[Site "www.echecsemail.com"]
[Date "2018.05.15"]
[Round "1"]
[White "Chapi"]
[Black "Apdash"]
[WhiteElo "2110"]
[BlackElo "2270"]
[Result "1-0"]
[Round "1"]
1.d4 d5
2.c4 e6
3.Nb1c3 Ng8f6
4.Bc1g5 Bf8e7
5.Ng1f3 dxc4
6.e4 O-O
7.Bf1xc4 c6
8.O-O b5
9.Bc4b3 a5
10.Bb3c2 h6
11.Bg5h4 Bc8a6
12.Rf1e1 Nf6h7
13.Bh4xe7 Qd8xe7
14.Ra1c1 Nb8d7
15.Nc3e2 Rf8d8
16.Qd1d2 c5
17.dxc5 Nd7xc5
18.Qd2xa5 Nh7f6
19.Qa5b4 Qe7a7
20.Ne2d4 Ra8c8
21.a3 Nf6d7
22.Qb4a5 Qa7b6
23.Qa5xb6 Nd7xb6
24.b4 Nc5a4
25.Bc2d3 Nb6c4
26.Bd3xc4 bxc4
27.Re1d1 Na4b2
28.Rd1d2 Nb2d3
29.Rc1c3 e5
30.Nd4c2 Ba6b7
31.Nc2e3 Bb7xe4
32.Ne3xc4 f6
33.Kf1 g5
34.Nf3e1 Nd3xe1
35.Rd2xd8 Rc8xd8
36.Kxe1 Be4xg2
37.a4  { time }
1-0

[Event "Match"]
[Site "www.echecsemail.com"]
[Date "2018.05.15"]
[Round "1"]
[White "Geodad5"]
[Black "Apdash"]
[WhiteElo "2210"]
[BlackElo "2210"]
[Result "1-0"]
[Round "1"]
1.e4 c5
2.Ng1f3 Nb8c6
3.d4 cxd4
4.Nf3xd4 d6
5.Nb1c3 Ng8f6
6.Bf1e2 a6
7.Bc1e3 g6
8.O-O Bf8g7
9.h3 O-O
10.Qd1d2 Nc6xd4
11.Be3xd4 b5
12.Be2f3 Ra8b8
13.Ra1d1 Qd8c7
14.Qd2e3 b4
15.Nc3e2 Qc7xc2
16.Rd1d2 Qc2a4
17.Rf1d1 Qa4xa2
18.b3 Qa2a5
19.Bd4a7 Rb8b5
20.Ne2d4 Rb5b7
21.Nd4c2 Qa5c7
22.Ba7d4 Bc8d7
23.e5 Nf6h5
24.Bf3xb7 Qc7xb7
25.exd6 exd6
26.Bd4xg7 Nh5xg7
27.Qe3f4 Bd7e6
28.Nc2d4 d5
29.Nd4xe6 fxe6
30.Qf4e3 Qb7c6
31.Rd2d4 Ng7f5
32.Qe3d3 Nf5xd4
33.Qd3xd4 a5
34.Rd1d3 Qc6c2
35.f3 Qc2c1
36.Kh2  { time }
1-0

[Event "Match"]
[Site "www.echecsemail.com"]
[Date "2018.05.15"]
[Round "1"]
[White "Krystek23"]
[Black "Juheset"]
[WhiteElo "2520"]
[BlackElo "1809"]
[Result "1-0"]
[Round "1"]
1.c4 f5
2.Nb1c3 c5
3.Ng1f3 Ng8f6
4.g3 e6
5.Bf1g2 Nb8c6
6.e3 d6
7.O-O a6
8.d4 cxd4
9.exd4 Bf8e7
10.Rf1e1 O-O
11.d5 exd5
12.cxd5 Nc6a7
13.Nf3d4 Rf8e8
14.Nd4e6 Qd8b6
15.Bc1e3 Qb6a5
16.Be3d4 Bc8xe6
17.dxe6 Na7c6
18.a3 Ra8b8
19.Bd4e3 Nf6g4
20.Nc3d5 Ng4xe3
21.Re1xe3 Be7g5
22.f4 Bg5d8
23.b4 Qa5b5
24.Bg2f1 { resign }
1-0

[Event "Tourn. n9811"]
[Site "www.echecsemail.com"]
[Date "2018.05.15"]
[Round "1"]
[White "Urbe69"]
[Black "Andychesston"]
[WhiteElo "2230"]
[BlackElo "2110"]
[Result "1-0"]
[Round "1"]
1.d4 d5
2.c4 Ng8f6
3.Ng1f3 Bc8f5
4.Nb1c3 e6
5.e3 Bf8b4
6.Bc1d2 O-O
7.a3 Bb4xc3
8.Bd2xc3 Nb8c6
9.Bf1e2 Kh8
10.Nf3d2 Nf6g8
11.O-O Bf5g6
12.Qd1b3 Ra8b8
13.Nd2f3 Nc6e7
14.Bc3b4 b6
15.cxd5 c5
16.dxc6 Qd8c7
17.Nf3e5 Rf8d8
18.Ra1c1 a5
19.Bb4d2 Rb8c8
20.Be2a6 Rc8a8
21.Ba6b7 Ra8a7
22.e4 Rd8xd4
23.Bd2f4 Ne7xc6
24.Ne5xg6 { resign }
1-0

[Event "Tourn. n9830"]
[Site "www.echecsemail.com"]
[Date "2018.05.15"]
[Round "1"]
[White "Louis"]
[Black "Mitja"]
[WhiteElo "2020"]
[BlackElo "1990"]
[Result "0-1"]
[Round "1"]
1.d4 d5
2.c4 dxc4
3.e4 e6
4.Bf1xc4 c6
5.Ng1f3 h6
6.O-O Ng8f6
7.Nb1c3 Nb8d7
8.Rf1e1 b6
9.a4 Bc8b7
10.Nf3e5 Nd7xe5
11.dxe5 Nf6d7
12.f4 Bf8c5
13.Kf1 Qd8h4
{ resign }
0-1

[Event "Tourn. n9830"]
[Site "www.echecsemail.com"]
[Date "2018.05.15"]
[Round "1"]
[White "Louis"]
[Black "Bojan"]
[WhiteElo "2020"]
[BlackElo "2000"]
[Result "0-1"]
[Round "1"]
1.d4 g6
2.c4 d5
3.Ng1f3 dxc4
4.e3 b5
5.a4 c6
6.axb5 cxb5
7.Nb1c3 Qd8b6
8.Bf1e2 Bc8b7
9.b3 cxb3
10.Be2xb5 Nb8d7
11.Nf3e5 Ng8f6
12.Qd1xb3 Ra8d8
{ resign }
0-1

[Event "Tourn. n9810"]
[Site "www.echecsemail.com"]
[Date "2018.05.15"]
[Round "1"]
[White "Odin"]
[Black "Falcoale"]
[WhiteElo "1810"]
[BlackElo "1970"]
[Result "0-1"]
[Round "1"]
1.e4 c5
2.Ng1f3 Nb8c6
3.b3 e6
4.Bf1b5 a6
5.Bb5xc6 bxc6
6.Bc1b2 Ng8f6
7.d3 Bf8e7
8.Nb1d2 d5
9.e5 Nf6d7
10.O-O { time. }
0-1

[Event "Match"]
[Site "www.echecsemail.com"]
[Date "2018.05.15"]
[Round "1"]
[White "Apdash"]
[Black "Mdesouza"]
[WhiteElo "2090"]
[BlackElo "2320"]
[Result "0-1"]
[Round "1"]
1.d4 Ng8f6
2.c4 g6
3.Nb1c3 Bf8g7
4.e4 d6
5.Ng1f3 O-O
6.Bf1e2 e5
7.dxe5 dxe5
8.Qd1c2 Rf8e8
9.Bc1g5 c6
10.Ra1d1 Qd8c7
11.O-O Bc8e6
 { time }
0-1

[Event "Tourn. n9802"]
[Site "www.echecsemail.com"]
[Date "2018.05.15"]
[Round "1"]
[White "Prize64"]
[Black "Malbertan"]
[WhiteElo "2050"]
[BlackElo "2020"]
[Result "1-0"]
[Round "1"]
1.Ng1f3 Nb8c6
2.d4 e6
3.c4 d5
4.e3 Ng8f6
5.Nb1c3 Bf8b4
6.cxd5 Nf6xd5
7.Bc1d2 O-O
8.Bf1d3 Bb4e7
9.O-O Nc6b4
10.Bd3b1 c5
11.a3 Nd5xc3
12.Bd2xc3 Nb4d5
13.Qd1d3 Nd5xc3
14.Qd3xh7 { resign }
1-0

[Event "1/16 Finale"]
[Site "www.chess-mail.com"]
[Date "2018.05.15"]
[Round "1"]
[White "Vgrynyuk"]
[Black "Asoka"]
[WhiteElo "2790"]
[BlackElo "2680"]
[Result "0-1"]
[Round "1"]
1.e4 e5
2.Ng1f3 Nb8c6
3.Bf1b5 a6
4.Bb5a4 Ng8f6
5.O-O Bf8e7
6.Rf1e1 d6
7.c3 b5
8.Ba4b3 O-O
9.h3 Bc8b7
10.d4 Nf6d7
11.a4 Nc6a5
12.Bb3c2 c5
13.d5 Qd8c7
14.Nf3d2 f5
15.b4 Na5c4
16.bxc5 Qc7xc5
17.Nd2xc4 Qc5xc4
18.axb5 axb5
19.Ra1xa8 Rf8xa8
20.Bc2b3 Qc4c7
21.exf5 Nd7c5
22.Bb3c2 Nc5a4
23.Bc1a3 Na4xc3
24.Nb1xc3 Qc7xc3
25.Re1e3 Qc3c7
26.Ba3b4 Be7f6
27.Bc2b3 Qc7d7
28.Re3e1 Bf6d8
29.f4 exf4
30.Re1e6 Bd8f6
31.Kh2 Bf6e5
32.Re6xe5 dxe5
33.Bb4e7 Ra8c8
34.d6 Rc8c4
35.Qd1h5 f3
36.f6 gxf6
37.Qh5h6 Qd7e8
38.Be7xf6 Qe8f7
39.Bf6xe5 Bb7c6
40.gxf3 Qf7g6
41.Qh6f4 Qg6f7
42.Bb3xc4 bxc4
43.Qf4g4 Kf8
44.Be5c3 Bc6d7
45.Qg4d4 Qf7g6
46.h4 h5
47.Bc3b2 Kf7
48.Qd4xc4 Qg6e6
49.Qc4f4 Qe6f5
50.Qf4xf5 Bd7xf5
51.Kg3 Bf5d7
52.Kf4 Bd7c6
53.Bb2a3 Ke6
54.Ke3 Kd5
55.Kf2 Ke5
56.Kg3 Bc6b5
 { time }
0-1

[Event "1/128 Finale"]
[Site "www.chess-mail.com"]
[Date "2018.05.15"]
[Round "1"]
[White "Reda"]
[Black "Llord"]
[WhiteElo "1790"]
[BlackElo "1940"]
[Result "0-1"]
[Round "1"]
1.d4 e6
2.Bc1f4 Ng8f6
3.Nb1c3 Nb8c6
4.Nc3b5 d6
5.Ng1f3 a6
6.Nb5c3 d5
7.e3 Bf8b4
8.Qd1d3 Nf6e4
9.a3 Bb4a5
10.b4 Nc6xb4
11.axb4 Ba5xb4
12.O-O-O Ne4xf2
13.Qd3e2 Nf2xh1
14.Nc3a2 Bb4a3
15.Kd2 c6
16.g3 Qd8a5
17.c3 Ba3b2
18.Na2b4 Bb2xc3
19.Kxc3 Qa5a3
20.Kc2 Qa3xb4
21.Bf1g2 Nh1xg3
22.Bf4xg3 Qb4a4
23.Kd2 Qa4a2
24.Ke1 Qa2xe2
25.Kxe2 h6
26.Rd1g1 O-O
27.Bg2h3 a5
28.Rg1a1 f5
29.Ra1g1 Rf8f6
30.Bg3e5 Rf6f7
31.Be5f4 a4
32.Rg1a1 b5
33.Nf3e5 Rf7f8
34.Ne5xc6 Bc8a6
35.Bh3g2 b4
36.Kd2 b3
37.Kc3 Ba6b7
38.Nc6e5 Rf8b8
39.Ne5g6 Bb7c6
40.Kb2 Bc6e8
41.Bf4xb8 Be8xg6
42.Bb8e5 Bg6h5
43.Bg2f1 g5
44.Kc3 Bh5f3
45.Kb4 Bf3e4
46.Bf1b5 b2
47.Ra1b1 Be4xb1
{ resign }
0-1

[Event "1/8 Finale"]
[Site "www.chess-mail.com"]
[Date "2018.05.15"]
[Round "1"]
[White "Bevittsmith"]
[Black "Conde7"]
[WhiteElo "2150"]
[BlackElo "2770"]
[Result "0-1"]
[Round "1"]
1.e4 c5
2.Ng1f3 d6
3.d4 cxd4
4.Nf3xd4 Ng8f6
5.Nb1c3 a6
6.Bf1e2 e5
7.Nd4b3 Bf8e7
8.Bc1e3 Bc8e6
9.Qd1d2 Nb8d7
10.f4 b5
11.O-O b4
{ resign }
0-1

[Event "Fast Game"]
[Site "www.echecsemail.com"]
[Date "2018.05.15"]
[Round "1"]
[White "Hennie4820"]
[Black "Coolant"]
[WhiteElo "1740"]
[BlackElo "1659"]
[Result "0-1"]
[Round "1"]
1.e4 e5
2.Ng1f3 Nb8c6
3.Bf1c4 Ng8f6
4.d4 Nf6xe4
5.dxe5 f5
6.exf6 Ne4xf6
7.O-O d5
8.Bc4b5 Bc8g4
9.Rf1e1 Bf8e7
10.Bb5xc6 bxc6
11.h3 Bg4xf3
12.Qd1xf3 O-O
13.Qf3e2 Be7d6
14.Bc1g5 Rf8e8
15.Qe2d1 Bd6e5
16.c3 h6
17.Bg5xf6 Qd8xf6
18.Nb1d2 Ra8b8
19.Qd1c2 a5
20.Nd2f3 Be5d6
21.b3 Qf6f4
22.Qc2d3 Re8e4
23.g3 Qf4f5
24.Kg2 Rb8f8
25.Re1e2 Bd6c5
26.Ra1f1 Qf5e6
27.Re2d2 Rf8e8
28.Rd2c2 Re4e2
29.Rc2xe2 Qe6xe2
30.Qd3b1 Re8f8
31.Nf3d4 Bc5xd4
32.cxd4 Qe2f3
33.Kg1 Qf3c3
34.Rf1d1 Rf8e8
35.Qb1f5 Re8f8
36.Qf5d3 Rf8f3
37.Qd3xc3 Rf3xc3
38.Rd1d2 Kf7
39.Kg2 Ke6
40.f4 Kd6
41.g4 c5
42.dxc5 Kxc5
43.h4 d4
44.g5 d3
45.Kf3 Kd4
46.f5 hxg5
47.hxg5 Rc3c2
48.Rd2d1 Rc2xa2
49.f6 gxf6
50.gxf6 Ra2h2
51.Kf4 Rh2f2
52.Kg5 d2
53.Kg6 Kc3
54.b4 axb4
55.f7 Kc2
56.Rd1xd2 Kxd2
57.Kg7 b3
{ resign }
0-1

[Event "Tourn. n9680"]
[Site "www.chess-mail.com"]
[Date "2018.05.16"]
[Round "1"]
[White "Claymil"]
[Black "Sahlapalat"]
[WhiteElo "2030"]
[BlackElo "2090"]
[Result "1/2-1/2"]
[Round "1"]
1.c4 c5
2.Nb1c3 e6
3.g3 Ng8f6
4.Bf1g2 Nb8c6
5.e3 Bf8e7
6.Ng1e2 O-O
7.a3 b6
8.O-O Bc8b7
9.d4 cxd4
10.Ne2xd4 Ra8c8
11.b4 a6
12.Bc1b2 Qd8c7
13.Ra1c1 Qc7b8
14.Qd1e2 Rf8d8
15.Rf1d1 Nc6xd4
16.exd4 d5
17.cxd5 Nf6xd5
18.Nc3xd5 Bb7xd5
19.f3 Bd5b3
20.Rc1xc8 Rd8xc8
21.Rd1c1 Rc8xc1
22.Bb2xc1 Qb8c8
23.Bc1b2 Bb3d5
24.h4 Qc8c4
25.Qe2xc4 Bd5xc4
26.Kf2 Kf8
27.f4 Be7f6
28.a4 Ke7
29.Ke3 Kd6
30.h5 a5
31.bxa5 bxa5
32.Bg2e4 h6
33.Bb2a3 Kd7
34.Be4d3 Bc4b3
35.Bd3b5 Kc7
36.Bb5e8 Kd8
37.Be8xf7 Kd7
38.Ba3c5 Bb3xa4
39.Bc5b6 Bf6d8
40.Bf7xe6 Kxe6
41.Bb6xd8 Ba4d1
42.Bd8xa5 Bd1xh5
43.Ba5c3 Kd5
44.Bc3b4 Ke6
45.Ke4 Bh5g6
46.Ke3 Bg6f5
47.Kf3 h5
48.Ke3 Kd5
49.Bb4c5 g6
50.Bc5e7 Bf5c2
{ draw }
1/2-1/2

[Event "Tourn. n9750"]
[Site "www.chess-mail.com"]
[Date "2018.05.16"]
[Round "1"]
[White "Comrade"]
[Black "Apdash"]
[WhiteElo "2290"]
[BlackElo "2200"]
[Result "1-0"]
[Round "1"]
1.c4 e5
2.Nb1c3 Ng8f6
3.g3 c6
4.Bf1g2 d5
5.cxd5 cxd5
6.a3 Nb8c6
7.d3 Bc8e6
8.f4 Bf8c5
9.fxe5 Nc6xe5
10.d4 Bc5xd4
11.Qd1xd4 Ne5c6
12.Qd4c5 Qd8e7
13.Qc5xe7 Nc6xe7
14.Bc1g5 Nf6g8
15.Ra1d1 f6
16.Bg5f4 Ra8d8
17.e4 d4
18.Nc3b5 Ne7c6
19.Nb5c7 Kf7
20.Nc7xe6 Kxe6
21.Ng1f3 Ng8e7
22.Bf4c7 Rd8d7
23.Bg2h3 f5
24.exf5 Ne7xf5
25.Bh3xf5 Kxf5
26.Bc7f4 Rh8e8
27.Kf2 h6
28.Rh1e1 Re8xe1
29.Rd1xe1 g5
30.Bf4c1 b5
31.b4 d3
32.Re1d1 g4
33.Nf3h4 Ke4
34.Bc1b2 a5
35.Bb2c3 axb4
36.axb4 Rd7a7
37.Nh4g6 Ra7a2
38.Kg1 Ra2c2
39.Bc3e1 Ke3
40.Kf1 Rc2xh2
41.Ng6f4 d2
42.Kg1 Rh2e2
43.Nf4xe2 Kxe2
44.Rd1xd2 Kxe1
45.Rd2d6 Nc6xb4
46.Rd6b6 Nb4d5
47.Rb6xb5  { time }
1-0

[Event "Tourn. n9786"]
[Site "www.chess-mail.com"]
[Date "2018.05.16"]
[Round "1"]
[White "Drawlward"]
[Black "Gvladutz"]
[WhiteElo "2550"]
[BlackElo "2550"]
[Result "1/2-1/2"]
[Round "1"]
1.d4 d5
2.g3 c5
3.dxc5 Nb8c6
4.Bf1g2 Ng8f6
5.c4 e6
6.Bc1e3 Nf6g4
7.cxd5 Ng4xe3
8.fxe3 exd5
9.Qd1xd5 Qd8xd5
10.Bg2xd5 Nc6b4
11.Bd5b3 Bf8xc5
12.a3 Bc8e6
13.Bb3a4 Nb4c6
14.Kf2 O-O
15.Ba4xc6 bxc6
16.Ng1f3 Rf8e8
17.Rh1c1 Bc5b6
18.Nb1c3 Be6g4
19.Nc3d1 Ra8c8
20.Rc1c3 c5
21.Ra1c1 Rc8b8
22.Rc3c4 Bg4e6
23.Rc4c3 f6
24.b3 Bb6d8
25.Rc3xc5 Rb8xb3
26.Nf3d4 Rb3xa3
27.Nd4xe6 Re8xe6
28.Rc5c8 Re6e8
29.Rc1c3 Ra3xc3
30.Nd1xc3 Kf8
31.Nc3d5 Bd8a5
32.Rc8c6 Re8d8
33.e4 Rd8d7
34.Kf3 Ba5d8
35.h4 Kf7
36.Rc6a6 h5
37.Kf4 g6
38.Ke3 Kg7
39.Kf4 { draw }
1/2-1/2

[Event "Tourn. n9799"]
[Site "www.chess-mail.com"]
[Date "2018.05.16"]
[Round "1"]
[White "Bojan"]
[Black "Bigrezi"]
[WhiteElo "1990"]
[BlackElo "2220"]
[Result "0-1"]
[Round "1"]
1.e4 e5
2.Ng1f3 Nb8c6
3.Bf1b5 a6
4.Bb5xc6 dxc6
5.h3 Bf8d6
6.b3 f5
7.Qd1e2 fxe4
8.Nf3h2 Qd8g5
9.g4 Ng8f6
10.Nb1c3 Bc8e6
11.Nc3xe4 Nf6xe4
12.Qe2xe4 Be6d5
13.Nh2f3 Bd5xe4
14.Nf3xg5 Be4xh1
15.h4 Bh1d5
16.d3 O-O
17.Ke2 Bd6e7
18.c4 Be7xg5
19.Bc1xg5 Bd5f3
20.Ke3 Ra8e8
21.Kd2 Bf3xg4
22.Bg5e3 Re8d8
23.Ra1g1 h5
24.a3 Rf8f3
25.Kc3 Bg4f5
26.Rg1d1 Rf3h3
27.Be3g5 Rh3xd3
{ resign }
0-1

[Event "Tourn. n9751"]
[Site "www.chess-mail.com"]
[Date "2018.05.16"]
[Round "1"]
[White "Tartan"]
[Black "Sbb"]
[WhiteElo "2520"]
[BlackElo "2640"]
[Result "0-1"]
[Round "1"]
1.e4 e6
2.d4 d5
3.Nb1c3 Bf8b4
4.e5 c5
5.a3 Bb4xc3
6.bxc3 Ng8e7
7.Qd1g4 O-O
8.Bf1d3 f5
9.exf6 Rf8xf6
10.Bc1g5 Rf6f7
11.Qg4h5 g6
12.Qh5d1 Qd8a5
13.Qd1d2 c4
14.Bd3e2 Ne7f5
15.Bg5f4 Nb8c6
16.g3 g5
17.Bf4xg5 Nf5d6
18.f3 Bc8d7
19.Bg5f4 Nd6b5
20.Be2f1 Ra8e8
21.Ng1e2 e5
22.dxe5 Nc6xe5
23.Kf2 Ne5xf3
24.Kxf3 d4
25.Kf2 dxc3
26.Qd2d5 Qa5b6
27.Ke1 Nb5d4
{ resign }
0-1

[Event "Tourn. n9798"]
[Site "www.chess-mail.com"]
[Date "2018.05.16"]
[Round "1"]
[White "Coolant"]
[Black "Conde7"]
[WhiteElo "2330"]
[BlackElo "2810"]
[Result "0-1"]
[Round "1"]
1.Ng1f3 Ng8f6
2.d4 e6
3.Bc1f4 c5
4.e3 d5
5.c3 Nb8c6
6.Bf1d3 Nf6h5
7.Bf4g5 Qd8b6
8.Qd1c2 h6
9.Bg5h4 cxd4
10.exd4 Nh5f4
11.Bd3f1 Bf8d6
12.Bh4g3 Bc8d7
13.Nb1d2 g5
14.Bg3xf4 Bd6xf4
15.Bf1d3 O-O-O
16.O-O-O Kb8
17.g3 Bf4d6
18.h4 g4
19.Nf3h2 Nc6xd4
20.Qc2b1 Rd8c8
21.Nd2b3 Nd4xb3
22.axb3 Qb6xf2
23.Nh2xg4 Rc8xc3
24.bxc3 Bd6a3
{ resign }
0-1